| 000 | 01029cam a2200301 i 4500 | ||
|---|---|---|---|
| 001 | ssj0000342479 | ||
| 003 | EG-ScBUE | ||
| 005 | 20260124111824.0 | ||
| 008 | 090730s2010 enka f bd 001 0 eng d | ||
| 020 | _a9780123747273 (hbk.) | ||
| 040 |
_aUKM _beng _erda _cUKM _dWaSeSS _dEG-ScBUE |
||
| 082 | 0 | 4 |
_a572.88 _222 _bFAR |
| 100 | 1 |
_aFarrell, Robert E., _eauthor. _939304 |
|
| 245 | 1 | 0 |
_aRNA methodologies : _ba laboratory guide for isolation and characterization / _cRobert E. Farrell Jr. |
| 250 | _aFourth edition. | ||
| 264 | 1 |
_aLondon ; _aBurlington : _bAcademic Press / Elsevier, _c2010. |
|
| 300 |
_axxiii, 717 pages : _billustrations ; _c24 cm |
||
| 336 |
_2rdacontent _atext _btxt |
||
| 337 |
_2rdamedia _aunmediated _bn |
||
| 338 |
_2rdacarrier _avolume _bnc |
||
| 500 | _aIncludes glossary. | ||
| 504 | _aIncludes bibliographical references and index. | ||
| 650 | 7 |
_aRNA _xAnalysis. _2BUEsh _939306 |
|
| 651 | _2BUEsh | ||
| 653 |
_bPPhrm _cJuly2015 _cFebruary2016 |
||
| 655 | _vReading book | ||
| 942 |
_2ddc _cBB |
||
| 999 |
_c20113 _d20085 |
||